|
|
|
|
| LEADER |
00000nam0a2200000 4500 |
| 001 |
290759 |
| 005 |
20231102000323.0 |
| 020 |
|
|
|a RU
|b 83-86922
|
| 035 |
|
|
|a (RuTPU)RU\TPU\book\315315
|
| 090 |
|
|
|a 290759
|
| 100 |
|
|
|a 20150408d1983 km y0rusy5003 ca
|
| 101 |
1 |
|
|a rus
|c ita
|
| 102 |
|
|
|a RU
|
| 105 |
|
|
|a y z 000zy
|
| 200 |
1 |
|
|a Во имя ложи
|e пер. с итал.
|f Д. Росси, Ф. Ломбрасса
|g пер. Н. Ильин, Л. А. Самохвалов
|d In nome della "Loggia"
|
| 210 |
|
|
|a Москва
|c Международные отношения
|d 1983
|
| 215 |
|
|
|a 128 с.
|
| 510 |
1 |
|
|a In nome della "Loggia"
|z ita
|
| 606 |
1 |
|
|a Италия
|x Внутренняя политика
|x Рабочий класс
|2 stltpush
|3 (RuTPU)RU\TPU\subj\74721
|9 86773
|
| 610 |
1 |
|
|a масонство
|
| 610 |
1 |
|
|a политическая реакция
|
| 610 |
1 |
|
|a подрывная деятельность
|
| 610 |
1 |
|
|a политическое влияние
|
| 610 |
1 |
|
|a власть
|
| 610 |
1 |
|
|a история
|
| 610 |
1 |
|
|a 20 век
|
| 686 |
|
|
|a Ф3(4Ит)
|2 rubbk
|
| 700 |
|
1 |
|a Росси
|b Д.
|g Джанни
|4 070
|
| 701 |
|
1 |
|a Ломбрасса
|b Ф.
|g Франческо
|4 070
|
| 702 |
|
1 |
|a Ильин
|b Н.
|4 730
|
| 702 |
|
1 |
|a Самохвалов
|b Л. А.
|4 730
|
| 801 |
|
0 |
|a RU
|b RuMRKP
|c 19950704
|g psbo
|
| 801 |
|
1 |
|a RU
|b 63413507
|c 20150408
|
| 801 |
|
2 |
|a RU
|b 63413507
|c 20190111
|g RCR
|
| 942 |
|
|
|c BK
|